Finančný blahobyt na Slovensku po vypuknutí vojny na Ukrajine bakalárska práca

Uložené v:
Podrobná bibliografia
Hlavný autor: Vasfieieva, Adelina
Korporativný autor: Národohospodárska fakulta EU. Katedra poisťovníctva
Ďalší autori: Ilenčíková, Katarína, 1999-
Médium: Kniha
Jazyk:Slovak
Vydavateľské údaje: Bratislava 2025
Tagy: Pridať tag
Žiadne tagy, Buďte prvý, kto otaguje tento záznam!

MARC

LEADER 00000nbm a2200000 4500
001 0309350
005 20251127110049.7
041 0 |a slo 
044 |a SK 
245 1 0 |a Finančný blahobyt na Slovensku po vypuknutí vojny na Ukrajine  |b bakalárska práca  |c Adelina Vasfieieva ; školiteľ: Katarína Ilenčíková 
264 1 |a Bratislava  |c 2025 
300 |a 51 s. 
100 1 |a Vasfieieva, Adelina 
700 1 |a Ilenčíková, Katarína, 1999- 
710 2 |a Národohospodárska fakulta EU. Katedra poisťovníctva